000 00448nam a2200181Ia 4500
005 20240814114757.0
008 131103s9999 xx 000 0 und d
040 _aLoreto College
041 _aEnglish
082 _a822N
_bCER
100 _aPowicke, Hilda Benson
245 _aNo certain harbor
_cHilda Benson Powicke
260 _aNew york
_bFriendship
_c1962
300 _a40p.
650 _aEnglish drama
850 _aLCBED
942 _cBK
999 _c29880
_d80359